000 00574nam a22002297a 4500
003 UA-OsUOA
001 30577
007 ta
008 20041111b un ||||| |||| 00| 0 ukr d
090 _a82.09(44)
_bЛ47
942 _cBK
040 _aUA-OsUOA
_brus
_cUA-OsUOA
_dUA-OsUOA
245 _aЛеон Баттиста Альберти
_cРед. В. Н.Лазарев
300 _a192 с.
_bІлюстрації
955 _a0
041 _arus
080 _a82.09(44)
260 _aМосква
_bНаука
_c1977
044 _aRU
650 7 _2UDC
999 _c316990
_d316990